Oboma nohami na plyne

Bibliographic Details
Main Author: Gembický, Július (Author)
Format: Article
Language:Slovak
PhysicalDescription:Obr. 4.
Subjects:

MARC

LEADER 00000nab a2200000 a 4500
001 vtls000019781
003 SK-MaSNL
005 20260305030249.0
008 111103c1979 xo 0 slo
015 |a SNBRB19rr/mm-uuuuu 
035 |a CL0029875 
040 |a SNKBUCL  |b slo  |c SNKBUCL  |e AACR2 
041 0 |a slo 
044 |a xo  |c SK 
080 |a 553  |2 1981 
100 1 |a Gembický, Július  |4 aut  |9 232498 
245 1 0 |a Oboma nohami na plyne  |c Július Gembický 
300 |b Obr. 4. 
650 0 7 |a zemný plyn  |2 snkbucl  |9 29458 
651 7 |a 5200  |2 snkbucl  |9 352126 
651 7 |a Západoslovenský kraj (Slovensko)  |2 snkbucl  |9 161528 
655 7 |a články z novín a časopisov  |2 snkbucl  |9 267496 
773 0 |t Svet socializmu  |g Roč. 28, č. 7 (13. 2. 1979), s. 16-17 
850 |a Slovenská národná knižnica v Martine  |a MTA001 
852 |a SNK  |b KIS3GCP 
958 |a RK 
992 |a RBX 
999 |c 3310285  |d 3312215